{"text_format":"3","workbook":"xls","n_sheets":4,"sheets":["mt6755","NAND","emmc_region","Sheet1"],"read":"whole","date_system":"1900","formulas":"cached_only"}

{"sheet":"mt6755","index":0,"n_rows":14,"n_cols":35,"rows_kept":14,"merged":[[0,0,2,0],[0,1,2,1],[0,2,2,2],[0,3,2,3],[0,4,2,4],[0,5,2,5],[0,6,2,6],[0,7,2,7],[0,8,1,27]],"flags":["formulas_cached_only"]}
["Vendor","Part Number","Type","Density (Mb)","Board ID","NAND/eMMC ID","FW ID","Nand Page Size (B)","MT6755",{"$nulls":19},"LPDDR2","MODE_REG1","MODE_REG2","MODE_REG3","MODE_REG5","MODE_REG10","MODE_REG63"]
[{"$nulls":28},"PCDDR3","DDR3_MODE_REG0","DDR3_MODE_REG1","DDR3_MODE_REG2","DDR3_MODE_REG3"]
[{"$nulls":8},"CONA_VAL","CONH_VAL","DRVCTL0_VAL","DRVCTL1_VAL","ACTIM_VAL","GDDR3CTL_VAL","CONF1_VAL","DDR2CTL_VAL","TEST2_3_VAL","CONF2_VAL","PD_CTRL_VAL","PADCTL3_VAL","DQODLY_VAL","ADDRDLY_VAL","CLKDLY_VAL","ACTIM1_VAL","MISCTL0_VAL","ACTIM05T_VAL","RKCFG_VAL","TEST2_4_VAL","LPDDR3","MODE_REG1","MODE_REG2","MODE_REG3","MODE_REG5","MODE_REG10","MODE_REG63"]
["Hynix","H9TQ17ABJTMCUR","MCP(eMMC+LPDDR3)","8192+8192","MT6755_EVB","0x90014A484147326505",null,null,"0x0002A052","0x00000000",null,null,"0x77ED484B","0x11000000","0x000484E3","0x000063A1","0xbfc30480","0x11C0B06C","0xD3656042",{"$nulls":4},"0x95001D51","0x91190000","0x000034FF","0x04264681","0x2700110D","LPDDR3","0x00830001","0x001C0002","0x00020003","0x00000006","0x00FF000A","0x0000003F"]
["Hynix","H9TQ17ABJTACUR","MCP(eMMC+LPDDR3)","8192+8192","MT6755_EVB","0x90014A484147346132",null,null,"0x0002A052","0x00000000",null,null,"0x77ED474B","0x11000000","0x000484E3","0x000063A1","0xBFC30480","0x11C0B06C","0xD3646042",{"$nulls":4},"0x95001D51","0x91190000","0x000034FF","0x04264681","0x2700110D","LPDDR3","0x00830001","0x001C0002","0x00020003","0x00000006","0x00FF000A","0x0000003F"]
["Hynix","H9TQ64AAETMCUR","MCP(eMMC+LPDDR3)","6144+6144","MT6755_EVB","0x90014A483847316505",null,null,"0x0002A052","0x00330000",null,null,"0x77ED474B","0x11000000","0x000484E3","0x000063A1","0xBFC30480","0x11C0B06C","0xD3646042",{"$nulls":4},"0x95001D51","0x91190000","0x000034FF","0x04264681","0x2700110D","LPDDR3","0x00830001","0x001C0002","0x00020003","0x00000006","0x00FF000A","0x0000003F"]
["Hynix","H9TQ26ADFTMCUR","MCP(eMMC+LPDDR3)","16384+8192","MT6755_EVB","0x90014A484247346505",null,null,"0x0002A062","0x00000000",null,null,"0x77ED474B","0x11000000","0x000484E3","0x000063A1","0xBFC30480","0x11C0B06C","0xD3646042",{"$nulls":4},"0x95001D51","0x91190000","0x000034FF","0x04264681","0x2700110D","LPDDR3","0x00830001","0x001C0002","0x00020003","0x00000006","0x00FF000A","0x0000003F"]
["Hynix","H9TQ26ADFTACUR","MCP(eMMC+LPDDR3)","16384+8192","MT6755_EVB","0x90014A484247346132",null,null,"0x0002A062","0x00000000",null,null,"0x77ED474B","0x11000000","0x000484E3","0x000063A1","0xBFC30480","0x11C0B06C","0xD3646042",{"$nulls":4},"0x95001D51","0x91190000","0x000034FF","0x04264681","0x2700110D","LPDDR3","0x00830001","0x001C0002","0x00020003","0x00000006","0x00FF000A","0x0000003F"]
["Samsung  ","KMQ310013M_B419","MCP(eMMC+LPDDR3)","8192+8192","MT6755_EVB","0x150100513331334D42",null,null,"0x0002A052","0x00000000",null,null,"0x77ED474B","0x11000000","0x000484E3","0x000063A1","0xBFC30480","0x11C0B06C","0xD3646042",{"$nulls":4},"0x95001D51","0x91190000","0x000034FF","0x04264681","0x2700110D","LPDDR3","0x00830001","0x001C0002","0x00020003","0x00000006","0x00FF000A","0x0000003F"]
["Samsung  ","KMR21000BM-B809","MCP(eMMC+LPDDR3)","12288+12288","MT6755_EVB","0x150100523231424D42",null,null,"0x0002A0A2","0x00660000",null,null,"0x77ED474B","0x11000000","0x000484E3","0x000063A1","0xBFC30480","0x11C0B06C","0xD3646042",{"$nulls":4},"0x95001D51","0x91190000","0x000034FF","0x04264681","0x2700110D","LPDDR3","0x00830001","0x001C0002","0x00020003","0x00000006","0x00FF000A","0x0000003F"]
["Samsung  ","KMRX10014M-B614","MCP(eMMC+LPDDR3)","16384+16384","MT6755_EVB","0x150100525831344D42",null,null,"0x0002A0A2","0x00000000",null,null,"0x77ED474B","0x11000000","0x000484E3","0x000063A1","0xBFC30480","0x11C0B06C","0xD3646042",{"$nulls":4},"0x95001D51","0x91190000","0x000034FF","0x04264681","0x2700110D","LPDDR3","0x00830001","0x001C0002","0x00020003","0x00000006","0x00FF000A","0x0000003F"]
["Hynix","H9TQ26ACLTMCUR","MCP(eMMC+LPDDR3)","16384+16384","MT6755_EVB","0x90014A484247346132",null,null,"0x0002A0A2","0x00000000",null,null,"0x77ED474B","0x11000000","0x000484E3","0x000063A1","0xBFC30480","0x11C0B06C","0xD3646042",{"$nulls":4},"0x95001D51","0x91190000","0x000034FF","0x04264681","0x2700110D","LPDDR3","0x00830001","0x001C0002","0x00020003","0x00000006","0x00FF000A","0x0000003F"]
[]
[{"$nulls":4}," "]

{"sheet":"NAND","index":1,"n_rows":6,"n_cols":12,"rows_kept":6,"flags":["formulas_cached_only"]}
["Vendor","Part_Number","Nand_ID","AddrCycle","IOWidth","TotalSize_MB","BlockSize_KB","PageSize_B","SpareSize_B","Timing","CacheRead","RandomRead"]
["ELPIDA","EHD013151MA_50","0x20BC105554",5,16,512,128,2048,64,"0x1123","NO","NO"]
["Samsung","K524G2GACB_A050","0xECBC005554",5,16,512,128,2048,64,"0x1123","NO","NO"]
["Micron","MT29C4G96MAZAPCJA_5IT","0x2CBC905556",5,16,512,128,2048,64,"0x21044333","NO","NO"]
["Samsung","KA100O015E_BJTT","0xECBC006656",5,16,512,256,4096,128,"0x21044333","NO","YES"]
["Hynix","H9DA4GH4JJAMCR_4EM","0xADBC905554",5,16,512,128,2048,64,"0x10801011","NO","NO"]

{"sheet":"emmc_region","index":2,"n_rows":16,"n_cols":11,"rows_kept":16,"flags":["formulas_cached_only"]}
["Part Number","Vendor","Boot1(KB)","Boot2(KB)","RPMB(KB)","GP1","GP2","GP3","GP4","User(KB)","TotalSize(MB)"]
["H9DP32A4JJMCGR","Hynix",2048,2048,2048,0,0,0,0,3778560,3696]
["H9TP33A8LDMCMR","Hynix",2048,2048,2048,0,0,0,0,3524608,3448]
["H9TP32A4GDMCPR","Hynix",2048,2048,2048,0,0,0,0,3778560,3696]
["H9TP32A8JDACPR_KGM","Hynix",2048,2048,2048,0,0,0,0,3778560,3696]
["H9TQ65A8JTMCUR_KTM ","Hynix",4096,4096,4096,0,0,0,0,7634944,7468]
["KMSJS000KM_B308","Samsung",1024,1024,128,0,0,0,0,3817472,3730.125]
["KMNJS000ZM_B205","Samsung",1024,1024,128,0,0,0,0,3815296,3728]
["KMJJS000WM_B409","Samsung",1024,1024,128,0,0,0,0,3817472,3730.125]
["KMKLL000UM_B406","Samsung",512,512,128,0,0,0,0,3906432,3816]
["KMKJS000VM_B309","Samsung",1024,1024,128,0,0,0,0,3815296,3728]
["MT29KZZZ4D4TGFAK_5W","Micron",2048,2048,2048,{"$nulls":4},3900000]
["KMR820001M_B609","Samsung",4096,4096,4096,0,0,0,0,15267840,14922]
["KMR7X0001M_B511","Samsung  ",4096,4096,512,{"$nulls":4},7634944,7464]
["KMQ72000SM_B316","Samsung ",4096,4096,512,0,0,0,0,7634944,7464]
["END"]

{"sheet":"Sheet1","index":3,"n_rows":0,"n_cols":0,"rows_kept":0,"flags":["formulas_cached_only"]}